Länder mit Gebietsansprüchen der Antarktis - Statistiken

Allgemein
  • Dieses Quiz wurde 150 mal gespielt
  • Das Durchschnittsergebnis liegt bei 5 aus 7
Antworten auf der Karte
Die Antworten werden auf der Karte rot bzw. grün angezeigt, abhängig davon wie oft sie richtig erraten wurden.
 
Antwortstatistiken
Länder % Korrekt
Australien
88%
Argentinien
80%
Neuseeland
80%
Chile
79%
Vereinigtes Königreich
76%
Frankreich
67%
Norwegen
56%
Keine übereinstimmenden Quizze gefunden
Verteilung der Resultate
Anzahl Personen mit jedem Resultat
Perzentil nach korrekt beantworteten Fragen
Ihre Resultats-Entwicklung
Sie haben dieses Quiz noch nicht gespielt